| 000 | 00928nam a22002177i 4500 | ||
|---|---|---|---|
| 999 |
_c23133 _d23133 |
||
| 003 | AR-CdUCM | ||
| 008 | 241115b20222022 pe||||| |||| 00| 0 spa d | ||
| 020 | _a978-612-4295-90-4 | ||
| 040 |
_aMUNICIPALIDAD PROVINCIAL DEL CUSCO _cBIBLIOTECA MUNICIPAL DEL CUSCO |
||
| 041 | _hspa | ||
| 082 |
_a869.5 / G88 _bG88 |
||
| 100 |
_aGuevara Céspedes, Mario _950830 |
||
| 245 |
_aGringas sí, Yankis no : _bCuentos escogidos / |
||
| 260 |
_aCusco : _bSieteculebras Editores _c2022 |
||
| 300 |
_a121 páginas. : _c21 cm. |
||
| 505 | _aEl cachaquito Minaya -- La mujer de negro -- Guia para turistas -- Noches de brujas -- Brichero -- Desde el fondo oscuro -- Patrick -- Usted, nuestra amante italiana -- Por siempre jamás -- La vida no vale nada -- Plusvalía -- La obsesión de Nico Bilbao -- Cazador de gringas | ||
| 650 |
_aCuentos _950831 |
||
| 650 |
_aLiteratura _950832 |
||
| 942 |
_2ddc _cLIBROS |
||
| 945 |
_apbj _d15-11-2024 |
||